Oeuvres complètes de Cicéron, avec la traduction en français (Registro nro. 36733)

Detalles MARC
000 -ENCABEZADO
Número de control [NR] 02557nam a2200349Ia 4500
005 - FECHA Y HORA DE LA ÚLTIMA TRANSACCIÓN
control field 20161207154552.0
008 - DE LONGITUD FIJA DE DATOS DE ELEMENTOS - INFORMACIÓN GENERAL
Elementos de longitud fija [NR] 130821s1841 fr a gr spa
040 ## - FUENTE DE CATALOGACION [NR]
Agencia de catalogación original [NR] Co-BoUCM
Idioma de catalogación [NR] spa
Quien Cataloga Sandra Yazo (modificó)
Quien Clasifica Sandra Yazo (modificó)
041 0# - CODIGO DE IDIOMA [R]
Código de idioma para texto/pista de sonido o título separado [R] Latín
-- Francés
082 04 - NUMERO DE CLASIFICACION DECIMAL DEWEY [R]
Número de clasificación [R] 876.1
Número de la edición [NR] 20
092 ## - SIGNATURA TOPOGRAFICA LOCAL
Número de clasificación local E19N073
100 1# - ASIENTO PRINCIPAL--NOMBRE PERSONAL [NR]
Nombre personal [NR] Cicerón, Marco Tulio
Fechas asociadas con el nombre [NR] 106-43 a. C.
ID Autoridad 575
242 00 - TRADUCCION DEL TITULO POR LA AGENCIA CATALOGADORA [R]
Título [NR] Obras completas de Cicerón, con su correspondiente traducción francesa
Mención de responsabilidad, etc. [NR] Publicadas bajo la dirección de M. Nisard
Número de la parte o sección [R] Tomo quinto
Código de idioma del título traducido [NR] spa
245 10 - MENCION DE TITULO [NR]
Título [NR] Oeuvres complètes de Cicéron, avec la traduction en français
Mención de responsabilidad, etc. [NR] Publiées sous la direction de M. Nisard
Número de la parte/sección de la obra [R] Tome cinquième
246 13 - FORMA VARIANTE DEL TITULO [R]
Título propiamente dicho/forma breve del título [NR] [Obras completas de Cicerón, con su correspondiente traducción francesa
Número de la parte/sección de la obra [R] Tomo quinto]
260 ## - PUBLICACION, DISTRIBUCION, ETC. (PIE DE IMPRENTA) [R]
Lugar de publicación, distribución, etc. [R] París (Francia)
Nombre del editor, distribuidor, etc. [R] J. J. Dubochet, et compagnie
Fecha de publicación, distribución, etc. [R] 1841
300 ## - DESCRIPCION FISICA [R]
Extensión [R] 711 páginas
490 ## - MENCION DE SERIE [R]
Mención de serie [R] Collection des auteurs latins [Colección de autores latinos]
500 ## - NOTA GENERAL [R]
Nota general [NR] Colección incompleta.
500 ## - NOTA GENERAL [R]
Nota general [NR] Detalles físicos: Encuadernación rígida de primera en cartón duro forrado en piel texturizada con ligero deterioro en esquinas. Lomo con nervaduras, decoración y letras en dorado. Tapas con repujado, formando dos recuadros que enmarcan los bordes. Guardas en papel de agua brillante. Hoja de Cortesía. Anteportada. Portada sencilla, impresa a una sola tinta con un grabado (representa a Rómulo y Remo?). Texto muy bien impreso, en dos columnas, separadas por una línea vertical; en letras grandes la traducción francesa y en la parte inferior en letras de menor tamaño el texto latino. Conserva la cinta para señalar la lectura. En la portada, anotación de propiedad. Texto latino con su Traducción francesa y notas. Sello de tinta en el que se lee: "El Colegio de Nuestra Señora del Rosario".
500 ## - NOTA GENERAL [R]
Nota general [NR] Incluye índice
505 0# - NOTA DE CONTENIDO CON FORMATO PREESTABLECIDO [R]
Nota de contenido con formato preestablecido [NR] V.5: 893 cartas de Marco Tulio Cicerón, numeradas según los años transcurridos desde la fundación de Roma ("ab Urbe condita"): escritas desde el año 686 hasta el año 711 con un índice alfabético de destinatarios de estas cartas
506 ## - NOTA DE RESTRICCIONES DE ACCESO [R]
Condiciones de acceso [NR] Consulta en sala
546 ## - NOTA DE IDIOMA [R]
Nota de idioma [NR] Texto en latín y francés
650 #7 - ASIENTO SECUNDARIO DE MATERIA - TERMINO TEMATICO [R]
Término temático o nombre geográfico como elemento de entrada [NR] Literatura clásica
9 (RLIN) 18628
650 #7 - ASIENTO SECUNDARIO DE MATERIA - TERMINO TEMATICO [R]
Término temático o nombre geográfico como elemento de entrada [NR] Literatura Latina
9 (RLIN) 7796
650 #7 - ASIENTO SECUNDARIO DE MATERIA - TERMINO TEMATICO [R]
Término temático o nombre geográfico como elemento de entrada [NR] Cartas latinas
9 (RLIN) 10547
690 ## - ASUNTO AGREGADO LOCAL DE ENTRADA - TÉRMINO TEMÁTICO (OCLC, RLIN)
Acceso temático local Literatura europea
9 (RLIN) 26524
700 1# - ASIENTO SECUNDARIO - NOMBRE PERSONAL [R]
Nombre personal [NR] Nisard, M.
Término de relación [R] director
9 (RLIN) 82807
856 41 - LOCALIZACION Y ACCESO ELECTRONICOS [R]
Nota dirigida al público [R] Disponible en línea V.4
Identificador Uniforme del Recurso (“URI”) [R] <a href="http://books.google.com.co/books/ucm?vid=UCM5308212921&printsec=frontcover&redir_esc=y#v=onepage&q&f=false">http://books.google.com.co/books/ucm?vid=UCM5308212921&printsec=frontcover&redir_esc=y#v=onepage&q&f=false</a>
942 ## - ELEMENTOS DE ENTRADA AGREGADOS (KOHA)
Tipo de ítem principal el descrito en 300a Libro
Tema principal 18
Edición 1
Sistema de clasificación LOCAL
Clasificación E19N073
Existencias
Suprimido Perdido Sistema de clasificación Dañado No prestable Tipo de ítem específico Ubicación habitual Ubicación actual Localización Fecha de creación Forma de adquisición Costo Volúmen / Fascículo Total préstamos Código de barras Última vez visto Ejemplar Price effective from Tipo de ítem
    DEWEY     Libro archivo Archivo Histórico Archivo Histórico Archivo histórico 28/02/2014 Donación 0.00 E19N073 V.5   L002870 15/12/2012 Ej.1 03/02/2013 Libro